000
00304nam a22001217a 4500
008
260530b |||||||| |||| 00| 0 eng d
020
_a
9789381275542
100
_a
Ar Nārāyaṇan
245
_a
Pancharatnam
260
_a
Bangalore
_b
Poorna Prajna Samshodhan Trust
_c
2017
300
_a
372p
942
_2
ddc
999
_c
1475
_d
1475